000 00573nam a2200217Ia 4500
003 0100
008 130227s9999 xx 000 0 und d
040 _cARRUPELIB
050 _aBL65.P7S6
245 _aReligion, politics, and social change in the third world
245 _ba sourcebook
260 _aNew York
260 _bFree Press
260 _C1974
300 _axv
300 _b 286p 21cm
650 _bEthnic conflict - Kenya - History
650 _cKenya - Ethnic conflict - Political aspects
700 _aSmith, Donald Eugene (ed)
942 _2lcc
_02
999 _c6266
_d6266